000 00232nam a22000857a 4500
008 160920b xxu||||| |||| 00| 0 eng d
100 _9670
_aSharma.V.D.
245 _aPhysical Education-IX,X
260 _aNew Delhi
_bA.P.C. publications
_c2011
999 _c3327
_d3327